Empezar De Cero - Ronald El Killa, Lenny Tavárez - Estadísticas

Estadísticas generales
  • Esta prueba ha sido intentada 256 veces
  • La puntuación promedio es 76 de 285
Estadísticas de respuestas
Letra % Correcto
a
75%
cero
75%
de
75%
empezar
75%
y
75%
Y
75%
yo
75%
Yo
75%
amor
50%
con
50%
el
50%
Me
50%
me
50%
mi
50%
no
50%
No
50%
pa'
50%
Pero
50%
Que
50%
que
50%
quiero
50%
50%
te
50%
tu
50%
50%
va
50%
aunque
25%
bien
25%
contigo
25%
cuando
25%
cuándo
25%
dejas,
25%
dejas
25%
días,
25%
dices
25%
Donde
25%
era
25%
es
25%
Es
25%
esta
25%
fue
25%
hasta
25%
La
25%
Lo
25%
lo
25%
los
25%
mal
25%
más
25%
nuevo
25%
nunca
25%
para
25%
paso
25%
Por
25%
Saber
25%
ti
25%
ver
25%
verdad
25%
Viví
25%
volver
25%
vuelvo
25%
ya
25%
Ya
25%
acostumbraste
0%
aguantarlo
0%
Alejémonos
0%
cansé
0%
carne
0%
comparto
0%
confesarte,
0%
corazón
0%
creo
0%
Creyendo
0%
cuál
0%
cuentos
0%
cuerpo
0%
débil
0%
debiste
0%
debo
0%
decirme,
0%
decisión
0%
desapareces
0%
Desgastando
0%
Diciendo
0%
dueño
0%
durar
0%
enamorar
0%
encanta
0%
Engañándome
0%
enredarme
0%
ese
0%
Eso
0%
excusa
0%
favor
0%
hablar
0%
hacerlo
0%
Haciéndome
0%
ilusión
0%
intención
0%
intentar
0%
intentarlo
0%
juego
0%
Jugaste
0%
llamas
0%
luego
0%
mejor
0%
mentiras,
0%
nuestro
0%
olvidarlo
0%
olvido
0%
pelea
0%
perder
0%
perfecto
0%
personal
0%
pido
0%
placer
0%
poderme
0%
puedo
0%
querías,
0%
relación
0%
salió
0%
sexo
0%
Sin
0%
solo
0%
tan
0%
tiempo
0%
todos
0%
tomas
0%
tomé
0%
tus
0%
una
0%
Una
0%
Vaya
0%
vuelvas
0%
No se encontraron pruebas coincidentes
Distribución de puntuación
Porcentaje de gente con cada puntuación
Porcentaje por número respondido
Historial de tus puntuaciones
No has intentado esta prueba.